Masons, tricksters and cartographers : (Record no. 11849)
[ view plain ]
| 000 -LEADER | |
|---|---|
| fixed length control field | 00608cam a2200193Ia 4500 |
| 020 ## - INTERNATIONAL STANDARD BOOK NUMBER | |
| ISBN | 9057024993 |
| 020 ## - INTERNATIONAL STANDARD BOOK NUMBER | |
| ISBN | 9058230015 (pbk.) |
| 040 ## - CATALOGING SOURCE | |
| Transcribing agency | UKM |
| 082 04 - DEWEY DECIMAL CLASSIFICATION NUMBER | |
| Classification number | 306 MAR 2000 A017 Or. |
| 100 1# - MAIN ENTRY--AUTHOR NAME | |
| Personal name | Turnbull, David, |
| 245 10 - TITLE STATEMENT | |
| Title | Masons, tricksters and cartographers : |
| Remainder of title | comparative studies in the sociology of scientific and indigenous knowledge ; |
| 260 ## - PUBLICATION, DISTRIBUTION, ETC. (IMPRINT) | |
| Place of publication | Amsterdam : |
| Name of publisher | Harwood Academic ; |
| Place of publication | Abingdon : |
| Name of publisher | Marston, |
| Year of publication | 2000 |
| 300 ## - PHYSICAL DESCRIPTION | |
| Number of Pages | 263 p. : |
| Other physical details | ill. ; |
| Dimensions | 23 cm |
| 650 #0 - SUBJECT ADDED ENTRY--TOPICAL TERM | |
| Topical Term | Knowledge, Sociology of |
| 650 #0 - SUBJECT ADDED ENTRY--TOPICAL TERM | |
| Topical Term | Science |
| 650 #0 - SUBJECT ADDED ENTRY--TOPICAL TERM | |
| Topical Term | Technology |
| 650 #0 - SUBJECT ADDED ENTRY--TOPICAL TERM | |
| Topical Term | Science and civilization |
| 942 ## - ADDED ENTRY ELEMENTS (KOHA) | |
| Koha item type | សៀវភៅភាសាអង់គ្លេស |
| 952 ## - LOCATION AND ITEM INFORMATION (KOHA) | |
| Withdrawn status [LOCAL, KOHA] | 0 |
| Permanent Location | Date acquired | Koha item type | Lost status | Shelving location | Barcode | Current Location | Full call number |
|---|---|---|---|---|---|---|---|
| Library Block A | 2017-08-08 | សៀវភៅភាសាអង់គ្លេស | A017 | A15122 | Library Block A | 306 MAR 2000 A017 Or. |